Odhad miery efektívnosti subjektov hospodáriacich na pôde

Významným faktorom ovplyvňujúcim pozíciu subjektov poľnohospodárskej prvovýroby na trhu je efektívnosť využívania jednotlivých vstupov. V príspevku je riešená problematika z pohľadu skúmania efektívnosti hlavných foriem hospodárenia na pôde. Pre odhad miery efektívnosti subjektov bol aplikovaný aktí...

Descripción completa

Guardado en:
Detalles Bibliográficos
Autor principal: Benda, Vladimír
Otros Autores: Vadovič, Matúš
Formato: Capítulo de libro
Lenguaje:eslovaco
Materias:
Etiquetas: Agregar Etiqueta
Sin Etiquetas, Sea el primero en etiquetar este registro!

MARC

LEADER 00000nla$a2200000$$$4500
001 0079248
005 20220801085359.6
041 0 |a slo 
044 |a CZ 
245 1 0 |a Odhad miery efektívnosti subjektov hospodáriacich na pôde  |c Vladimír Benda, Matúš Vadovič 
520 |a Významným faktorom ovplyvňujúcim pozíciu subjektov poľnohospodárskej prvovýroby na trhu je efektívnosť využívania jednotlivých vstupov. V príspevku je riešená problematika z pohľadu skúmania efektívnosti hlavných foriem hospodárenia na pôde. Pre odhad miery efektívnosti subjektov bol aplikovaný aktívny DEA prístup, ktorým sa odhadovala neefektívnosť jednotlivých vstupov. Podstatná časť samostatne hospodáriacich roľníkov má značné rezervy v efektívnom využívaní pôdy ako vstupu, v porovnaní so situáciou starých členských štátoch EÚ. 
610 2 0 |a pôda 
610 2 0 |a využitie pôdy 
610 2 0 |a efektívnosť 
100 1 |a Benda, Vladimír 
700 1 |a Vadovič, Matúš